SEPA: dlouhodobé zisky převažují
Zamyslenie sa nad možnými variantmi a dopadmi implementácie projektu v bankovom sektore. Zvýšenie nákladov z dôvodu zavedenia SEPA s pozitívnym dopadom z dlhodobého hľadiska. Posilnenie európskej integrácie. Praktické aspekty integrácie. Prínosy a dopady SEPA. Bankové podnikanie.
Guardado en:
| Autor principal: | |
|---|---|
| Formato: | Capítulo de libro |
| Lenguaje: | checo |
| Materias: | |
| Etiquetas: |
Sin Etiquetas, Sea el primero en etiquetar este registro!
|
MARC
| LEADER | 00000naa$a2200000$$$4500 | ||
|---|---|---|---|
| 001 | 0062713 | ||
| 005 | 20251216130614.4 | ||
| 041 | 0 | |a cze | |
| 044 | |a CZ | ||
| 245 | 1 | 0 | |a SEPA: dlouhodobé zisky převažují |c Kateřina Kováč |
| 520 | |a Zamyslenie sa nad možnými variantmi a dopadmi implementácie projektu v bankovom sektore. Zvýšenie nákladov z dôvodu zavedenia SEPA s pozitívnym dopadom z dlhodobého hľadiska. Posilnenie európskej integrácie. Praktické aspekty integrácie. Prínosy a dopady SEPA. Bankové podnikanie. | ||
| 610 | 2 | 0 | |a bankovníctvo |
| 610 | 2 | 0 | |a integrácia |
| 610 | 2 | 0 | |a náklady |
| 610 | 2 | 0 | |a SEPA |
| 100 | 1 | |a Kováč, Kateřina | |